zpět

Detail výsledku týmu

Beseda Mimoň, Mimoň

Datum a čas kvízu

32.5 Celkem bodů Celkový počet nahraných bodů na tomto kvízu bez doplňovacích otázek.
4. Pořadí na kvízu Konečné umístění týmu na tomto kvízu.

Zaznamenané odpovědi

# Otázka Odpověď Body Výsledky
1. Ve středu byl do vedení Poslan... Jan Bartošek; KDU-ČSL 1
2. Slovenský ministr cestovního r... říhnul si 0
3. V centru které evropské metrop... v centru Říma 1
4. Ke 100. výročí založení Národn... guvernér ČNB; Aleš Michl 1
5. V sobotu byly vyhlášeny výsled... Jan Štefela 1
6. První novodobé hry se konaly v... C 1
7. U maratonu ještě zůstaneme. Me... v Římě, běžel bosky 1
8. V Calgary se v roce 1988 na st... Eddie Eagle/orel Eddie/The Eagle; skoky na lyžích 1
9. Nyní se přeneseme na olympijsk... Kateřina Kůrková, Matthew Emmons 0.5
10. Na závěr postupně uslyšíte tři... 3, 2, 1 1